000 00796nam a22001937a 4500
999 _c370997
_d370997
008 201130b ||||| |||| 00| 0 eng d
040 _bger
_cSTAFF
_erda
_aSTAFF
100 _aMathias, Hausding
245 _aProzessauftakt mit vielen Emotionen.
_bGericht: Scharfe Wortwechsel bestimmen den ersten Verhandlungstag im Verfahren um den Handel mit Kokain in Frankfurt (Oder) und Fürstenwalde./
_cMathias Hausding
653 _aFrankfurt (Oder)
653 _aFürstenwalde/Spree
653 _aDrogenhandel
653 _aLandgericht Frankfurt (Oder)
773 _dFrankfurt (Oder): Märkisches Verlags- und Druckhaus GmbH & Co KG
_g32. Jahrgang (2021) Nr. 245 vom 20.10.2021, S. 9
_tMärkische Oderzeitung
942 _cA